Mechanika těles : Dynamika

Salvato in:
Dettagli Bibliografici
Autori principali: Kratochvíl, Ctirad (Autore), Slavík, Jaromír (Autore)
Natura: Libro
Lingua:ceco
Pubblicazione: Brno : CERM, 2007
Edizione:2. vyd.
Soggetti:
Tags: Aggiungi Tag
Nessun Tag, puoi essere il primo ad aggiungerne!!

MARC

LEADER 00000nam a22000003a 4500
001 stu177103
005 20150617230044.4
008 081210s2007----xr------------------cze-d
020 |a 978-80-214-3446-2 
040 |a STU  |b slo 
041 0 |a cze 
044 |a xr 
080 |a 531  |7 stu_us_auth*stu7974 
100 1 |a Kratochvíl, Ctirad  |4 aut 
245 1 |a Mechanika těles :  |b Dynamika 
250 |a 2. vyd. 
260 |a Brno :  |b CERM,  |c 2007 
300 |a 227 s 
650 7 |a mechanika  |2 stusub 
700 1 |a Slavík, Jaromír  |4 aut 
996 |b 284J034759  |c J*110559  |l JJST  |s P  |a 0  |w stu177103_0001